Finite mathematics: for business and social science

Furkejuvvon:
Bibliográfalaš dieđut
Váldodahkki: Adams, William J (Dahkki)
Materiálatiipa: Girji
Giella:eaŋgalasgiella
Almmustuhtton: Lexington Xerox 1974
Fáttát:
Fáddágilkorat: Lasit fáddágilkoriid
Eai fáddágilkorat, Lasit vuosttaš fáddágilkora!

MARC

LEADER 00000nam a2200000 a 4500
001 UCW0848
003 CL-VaPUC
008 891020e19740000US |||||||||||||||||eng|d
082 0 4 |a 510  |b ADA  |2 21 
100 0 |a Adams, William J  |e author  |9 304769 
245 1 0 |a Finite mathematics: for business and social science 
300 |a 354 p 
942 |c BK 
945 |d 19891020 00:00:00 
260 |a Lexington  |b Xerox  |c 1974 
650 0 |a Matemática  |9 260235 
583 |a last modification  |c 19891020 00:00:00  |k Rodrigo Vera 
999 |c 215883  |d 215881 
952 |0 0  |1 0  |4 0  |6 510_000000000000000_ADA_1974  |7 0  |8 A  |9 201067  |a BIBMAT  |b BIBMAT  |d 2019-11-14  |i 2682206  |o 510 ADA 1974  |p 2682206  |r 2025-01-07  |w 2019-11-14  |y BK  |k MAT